ბათუმის შოთა რუსთაველის სახელმწიფო უნივერსიტეტის ბიბლიოთეკა

Concise introduction to EU private international law / (ბიბ.ჩანაწერი № 57752)

000 -LEADER
fixed length control field 00724cam a2200229 a 4500
001 - CONTROL NUMBER
control field 17271788
005 - DATE AND TIME OF LATEST TRANSACTION
control field 20221107171127.0
008 - FIXED-LENGTH DATA ELEMENTS--GENERAL INFORMATION
fixed length control field 120425s2019 ne b 001 0 eng
020 ## - INTERNATIONAL STANDARD BOOK NUMBER
International Standard Book Number 9789089522085x
041 ## - LANGUAGE CODE
Language code of text/sound track or separate title eng
080 ## - UNIVERSAL DECIMAL CLASSIFICATION NUMBER
Universal Decimal Classification number 341 B-71
100 1# - MAIN ENTRY--PERSONAL NAME
Personal name Bogdan, Michael
Dates associated with a name
9 (RLIN) 9675
245 10 - TITLE STATEMENT
Title Concise introduction to EU private international law /
Statement of responsibility, etc. Michael Bogdan.
250 ## - EDITION STATEMENT
Edition statement Fourth edition
264 ## - PRODUCTION, PUBLICATION, DISTRIBUTION, MANUFACTURE, AND COPYRIGHT NOTICE
Place of production, publication, distribution, manufacture Groningen :
Name of producer, publisher, distributor, manufacturer Europa Law Pub.,
Date of production, publication, distribution, manufacture, or copyright notice 2019.
300 ## - PHYSICAL DESCRIPTION
Extent 246 p. ;
Dimensions 24 cm.
650 #0 - SUBJECT ADDED ENTRY--TOPICAL TERM
Topical term or geographic name entry element Conflict of laws
Geographic subdivision European Union countries.
9 (RLIN) 9676
653 ## - INDEX TERM--UNCONTROLLED
keyword სამართალი
653 ## - INDEX TERM--UNCONTROLLED
keyword ევროკავშირი
700 ## - ADDED ENTRY--PERSONAL NAME
Personal name Pertegas , Marta
Relator term ავტორი
9 (RLIN) 9677
942 ## - ADDED ENTRY ELEMENTS (KOHA)
Source of classification or shelving scheme
Koha item type წიგნი
ეგზემპლარები
Withdrawn status Lost status Source of classification or shelving scheme Damaged status Not for loan Permanent Location Current Location Shelving location Date acquired Cost, normal purchase price Full call number Barcode Date last seen Copy number Price effective from Koha item type Public note
          ბათუმის შოთა რუსთაველის სახელმწიფო უნივერსიტეტის მთავარი ბიბლიოთეკა ბათუმის შოთა რუსთაველის სახელმწიფო უნივერსიტეტის მთავარი ბიბლიოთეკა წიგნსაცავი 2020-10-22 201.00 341 B-71 61092 2020-10-22 61092 2020-10-22 წიგნი 201 ლ.